书目信息 |
| 题名: |
太阳王
|
|
| 作者: | 克拉克 著 ;杜芝茂 , 姚嵩 译 | |
| 分册: | ||
| 出版信息: | 上海 上海教育出版社 2017.07 |
|
| 页数: | 205页 | |
| 开本: | 22cm | |
| 丛书名: | “科学的力量”科普译丛 | |
| 单 册: | ||
| 中图分类: | P182-49 | |
| 科图分类: | ||
| 主题词: | 太阳--普及读物 | |
| 电子资源: | ||
| ISBN: | 978-7-5444-7382-8 | |
| 000 | 01188oam2 2200277 450 | |
| 001 | 4607 | |
| 005 | 20181012141034.24 | |
| 010 | @a978-7-5444-7382-8@dCNY35.00 | |
| 100 | @a20170905d2017 em y0chiy50 ea | |
| 101 | 1 | @achi@ceng |
| 102 | @aCN@b310000 | |
| 105 | @aa z 000yy | |
| 200 | 1 | @a太阳王@9tai yang wang@e理查德·卡林顿的意外悲剧与现代天文学如何开始的故事@dThe sun kings@ethe unexpected tragedy of Richard Carrington and the tale of how modern astronomy began@f(英)斯图尔特·克拉克著@g杜芝茂, 姚嵩译@zeng |
| 210 | @a上海@c上海教育出版社@d2017.07 | |
| 215 | @a205页@c图@d22cm | |
| 225 | 0 | @a“科学的力量”科普译丛 |
| 461 | 0 | @12001 @a“科学的力量”科普译丛 |
| 510 | 1 | @aSun kings@eUnexpected tragedy of richard carrington and the tale of how modern astronomy began@zeng |
| 517 | 1 | @a理查德·卡林顿的意外悲剧与现代天文学如何开始的故事@9li cha de · ka lin dun de yi wai bei ju yu xian dai tian wen xue ru he kai shi de gu shi |
| 606 | 0 | @a太阳@j普及读物 |
| 690 | @aP182-49@v5 | |
| 701 | 1 | @c(英)@a克拉克@9ke la ke@b斯图尔特@4著 |
| 702 | 0 | @a杜芝茂@9du zhi mao@4译 |
| 702 | 0 | @a姚嵩@9yao song@4译 |
| 801 | 0 | @aCN@b91MARC@c20170905 |
| 905 | @aMuseLib@dP182-49@e279 | |
| 太阳王:理查德·卡林顿的意外悲剧与现代天文学如何开始的故事=The sun kings:the unexpected tragedy of Richard Carrington and the tale of how modern astronomy began/(英)斯图尔特·克拉克著/杜芝茂, 姚嵩译.-上海:上海教育出版社,2017.07 |
| 205页:图;22cm.-(“科学的力量”科普译丛) |
| ISBN 978-7-5444-7382-8:CNY35.00 |
| ● |
| 相关链接 |
|
|
|
|
正题名:太阳王
索取号:P182-49/279
 
预约/预借
| 序号 | 登录号 | 条形码 | 馆藏地/架位号 | 状态 | 备注 |
| 1 | 1125946 | 211259467 | 第二样本阅览室/ [索取号:P182-49/279] | 在馆 | |
| 2 | 1125947 | 211259476 | 第三借阅区/ [索取号:P182-49/279] | 在馆 | |
| 3 | 1125948 | 211259485 | 第三借阅区/ [索取号:P182-49/279] | 在馆 | |
| 4 | 1125949 | 211259494 | 第三借阅区/ [索取号:P182-49/279] | 在馆 | |
| 5 | 1125950 | 211259500 | 密集书库-资源管理系/ [索取号:P182-49/279] | 在馆 |